Statistiques concernant Les plus grands pays en 1800

Cliquez ici pour prendre le quiz!

Statistiques générales

  • Ce quiz a été pris 226 fois
  • Le résultat moyen est 11 sur 15

Statistiques - réponses

PopulationPays de 1800% Correct
38 378 000République française
99%
328 000 000Dynastie Qing
97%
35 500 000Empire russe
97%
24 710 115Empire espagnol
95%
114 500 000Empire britannique
93%
9 270 000Empire portugais
84%
75 000 000Empire moghol
83%
24 779 000Empire Ottoman
81%
25 689 000Tokugawa shogunate
80%
23 145 000Monarchie des Habsbourg / Autriche-Hongrie
76%
10 500 000Royaume de Prusse
63%
9 500 000Joseon
43%
24 000 000Saint Empire Romain
27%
6 500 000Annam
21%
6 700 000Royaume des Deux-Siciles
19%

Distribution des résultats

Percentile par nombre de réponses

% des personnes avec chaque résultat

Votre développement - résultats

Vous n’avez pas pris ce quiz